| 000 | 00816nam a22002535a 4500 | ||
|---|---|---|---|
| 008 | 161219s2014 ii a|||fr|||| 000 0 eng d | ||
| 020 | _a9350389762 | ||
| 020 | _a9789350389768 | ||
| 040 |
_aEG-ScBUE _beng _cEG-ScBUE |
||
| 082 | 0 | 4 |
_222 _a621.31042 _bBAK |
| 100 | 1 |
_912771 _aBakshi, Uday A. |
|
| 245 |
_aElectrical machines and automatic control / _cUday A. Bakshi, Varsha U. Bakshi |
||
| 250 | _a5th, rev. ed. | ||
| 260 |
_aIndia : _bTechnical Publications, _c2014. |
||
| 300 |
_a1 v. (various pagings) : _bill. ; _c22 cm. |
||
| 590 | _aWessam | ||
| 650 | 7 |
_2BUEsh _93725 _aPower electronics. |
|
| 650 | 7 |
_917796 _aElectric transformers. |
|
| 650 | 7 |
_96121 _aElectric machinery. |
|
| 651 | _2BUEsh | ||
| 653 |
_bENGMEC _cDecember2016 |
||
| 700 | 1 |
_941728 _aBakshi, Varsha U. |
|
| 942 |
_2ddc _e22 _k621.31042 BAK |
||
| 999 |
_c23615 _d23587 |
||